The regs files (Record no. 83175)
[ view plain ]
| 000 -LEADER | |
|---|---|
| fixed length control field | 00849cam a22001815a 4500 |
| 001 - CONTROL NUMBER | |
| control field | L153060 |
| 008 - FIXED-LENGTH DATA ELEMENTS--GENERAL INFORMATION | |
| fixed length control field | 110601e2011 xxk 000 0 eng d |
| 035 ## - SYSTEM CONTROL NUMBER | |
| System control number | (Sirsi) u153060 |
| 041 0# - LANGUAGE CODE | |
| Language code of text/sound track or separate title | eng |
| 100 1# - MAIN ENTRY--PERSONAL NAME | |
| Personal name | Lane, Thomas |
| 245 04 - TITLE STATEMENT | |
| Title | The regs files |
| Remainder of title | a guide to codes and regulations updated 2011 |
| 260 ## - PUBLICATION, DISTRIBUTION, ETC. | |
| Date of publication, distribution, etc. | 2011 |
| 490 ## - SERIES STATEMENT | |
| Series statement | Building |
| Volume/sequential designation | 276 (8680) 27 May 2011, 1-30(23) |
| 520 ## - SUMMARY, ETC. | |
| Summary, etc. | Regulations Special includes a round up of what's in force and what's coming up; Part L in practice, Part F and Part G, how one project team got to grips with the 2010 regs; the better homes lab - heat loss from 'energy efficient' homes is a real problem - now the research bods are determined to solve it; products - the latest crop of carbon-saving innovations, on sale now. |
| 690 ## - LOCAL SUBJECT ADDED ENTRY--TOPICAL TERM (OCLC, RLIN) | |
| Topical term or geographic name as entry element | Building regulations |
| 9 (RLIN) | 6224 |
| 700 1# - ADDED ENTRY--PERSONAL NAME | |
| Personal name | Smith, Alex |
| 942 ## - ADDED ENTRY ELEMENTS (KOHA) | |
| Suppress in OPAC | 0 |
| Withdrawn status | Lost status | Source of classification or shelving scheme | Damaged status | Not for loan | Home library | Current library | Shelving location | Date acquired | Total Checkouts | Full call number | Barcode | Date last seen | Copy number | Price effective from | Koha item type |
|---|---|---|---|---|---|---|---|---|---|---|---|---|---|---|---|
| Dewey Decimal Classification | London | London | Journal article | 01/06/2011 | L153060 | 153060-1001 | 06/08/2019 | 1 | 06/08/2019 | Journal article |